| 000 | 00646nam a2200229 a 4500 | ||
|---|---|---|---|
| 005 | 20210219153041.0 | ||
| 008 | 991125n 000 0 u | ||
| 035 | _aUPN01000074770 | ||
| 100 | _aStewart, Roger A. | ||
| 222 | _aJOURNAL OF READING | ||
| 245 | _aThe effect of marginal glossess on reading comprehension and retention | ||
| 300 | _a4-13 | ||
| 362 | _a35, No. 1, 1991 | ||
| 505 | _aEnero 1992 | ||
| 653 | 0 | _aCOMPRENSION LECTORA | |
| 653 | 0 | _aLECTURA DEL AREA DEL CONTENIDO | |
| 653 | 0 | _aPROCESOS DE LECTURA | |
| 653 | 0 | _aRETENCION (PSICOLOGIA) | |
| 700 | _aCross, Tracy L. | ||
| 904 |
_aAC _b012581 |
||
| 905 | _aArticulo | ||
| 999 |
_c67110 _d67110 |
||